000 00707nam a2200265 a 4500
001 000108097
003 CHAP
005 20220329143957.0
008 131204s2011 enk |r| ||||||eng d
010 _a104559
011 _a105531
020 _a9780199533923
040 _cCHAP
082 0 4 _a616.07
_bS52
245 0 0 _aCytopathology /
_ceditado por Shambayati.
260 _aOxford :
_bOxford University Press,
_cc2011.
300 _axvii, 417 p. :
_bil.
590 _aBATCH-UPD
_b10
_c20131204
_lUCH01
_h1641
590 _aE11695DGD
_b10
_c20131204
_lUCH01
_h1641
650 1 4 _aPatologĂ­a celular.
_9124921
700 1 _aShambayati, Behdad
_9124920
901 _aBK
942 _cLIBRO
942 _n0
999 _c104559
_d104559